00361pab a2200133 454500008004000000100001900040245007600059260000900135300001300144362001200157650002200169700002300191773001300214180718b2014 xxu||||| |||| 00| 0 eng d aSingh, Gurjant aUrban governance: A study of the role of municipal leaders and officers c2014 ap.68-85. aApr-Jun aUrban development aGill, Rajbans Gill aNagarlok